MARC details
| 000 -CABECERA |
| campo de control de longitud fija |
01353nam a2200301 4500 |
| 003 - IDENTIFICADOR DEL NÚMERO DE CONTROL |
| campo de control |
EC-UNACH |
| 005 - FECHA Y HORA DE LA ÚLTIMA TRANSACCIÓN |
| campo de control |
20251001134426.0 |
| 006 - CÓDIGOS DE INFORMACIÓN DE LONGITUD FIJA--CARACTERÍSTICAS DEL MATERIAL ADICIONAL |
| campo de control de longitud fija |
s||||gr|||| 00| 00 |
| 008 - DATOS DE LONGITUD FIJA--INFORMACIÓN GENERAL |
| campo de control de longitud fija |
150116t9999 mx r gr 000 0 spa d |
| 020 ## - NÚMERO INTERNACIONAL ESTÁNDAR DEL LIBRO |
| Número Internacional Estándar del Libro |
84-662-0928-X |
| 040 ## - FUENTE DE LA CATALOGACIÓN |
| Centro catalogador/agencia de origen |
EC-UNACH |
| Centro/agencia transcriptor |
EC-UNACH |
| 041 ## - CÓDIGO DE LENGUA |
| Código de lengua del texto/banda sonora o título independiente |
spa |
| 082 04 - NÚMERO DE LA CLASIFICACIÓN DECIMAL DEWEY |
| Número de edición |
23 |
| Número de clasificación |
615.82 |
| Número de documento/Ítem |
L000900 |
| 110 ## - ENTRADA PRINCIPAL--NOMBRE DE ENTIDAD CORPORATIVA |
| Nombre de entidad corporativa o nombre de jurisdicción como elemento de entrada |
Editorial LIBSA |
| 245 ## - MENCIÓN DE TÍTULO |
| Título |
Masajes y reflexoterapia. |
| Resto del título |
Curar con las manos |
| 250 ## - MENCIÓN DE EDICIÓN |
| Mención de edición |
s/e |
| 264 ## - Producción, publicación, distribución, fabricación y copyright |
| Lugar de producción, publicación, distribución, fabricación |
Madrid |
| Nombre del de productor, editor, distribuidor, fabricante |
Editorial LIBSA |
| Fecha de de producción, publicación, distribución, fabricación o copyright |
2005 |
| 300 ## - DESCRIPCIÓN FÍSICA |
| Extensión |
192 páginas |
| Otras características físicas |
17.5 x 25 cm |
| Dimensiones |
Imágenes |
| 505 ## - NOTA DE CONTENIDO CON FORMATO |
| Nota de contenido con formato |
Prólogo -- 1. La reflexoterapia -- 2. Historia de la reflexoterapia -- 3. Preparación y elementos del masaje -- 4. Técnicas reflejas -- 5. El sistema nervioso y los cinco sentidos -- 6. Columna vertebral y articulaciones -- 7. Sistema endocrino. -- 8. Sistema urogenital -- 9. Sistema cardio-respiratorio -- 10. Sistema digestivo -- 11. Sistema inmunitario -- 12. La auriculoterapia -- 13. La espondiloterapia -- 14. Las manos -- 15. El masaje podal -- 16. El sistema nervioso -- 17. El masaje ante enfermedades concretas. |
| 650 ## - PUNTO DE ACCESO ADICIONAL DE MATERIA--TÉRMINO DE MATERIA |
| Término de materia o nombre geográfico como elemento inicial |
TÉCNICAS REFLEJAS |
| 650 ## - PUNTO DE ACCESO ADICIONAL DE MATERIA--TÉRMINO DE MATERIA |
| Término de materia o nombre geográfico como elemento inicial |
SISTEMA ENDÓCRINO |
| 650 ## - PUNTO DE ACCESO ADICIONAL DE MATERIA--TÉRMINO DE MATERIA |
| Término de materia o nombre geográfico como elemento inicial |
MASAJE PODAL |
| 700 ## - PUNTO DE ACCESO ADICIONAL--NOMBRE DE PERSONA |
| Nombre de persona |
Marino, Carlos |
| 942 ## - ELEMENTOS DE PUNTO DE ACCESO ADICIONAL (KOHA) |
| Fuente del sistema de clasificación o colocación |
Clasificación Decimal Dewey |
| Tipo de ítem Koha |
Libros |
| 999 ## - NÚMEROS DE CONTROL DE SISTEMA (KOHA) |
| Koha biblionumber |
13964 |